Technické minimum pro pracovníky výkupních skladů
| Format: | Book |
|---|---|
| Language: | Undetermined |
| Published: |
Praha
Státní zemědělské nakladatelství
1953
|
MARC
| LEADER | 00000nam a2200000 a 4500 | ||
|---|---|---|---|
| 001 | vtls001328600 | ||
| 003 | SK-MaSNL | ||
| 005 | 20260224152620.0 | ||
| 008 | 980422s1953 xx 0 und | ||
| 035 | |a SNK000281426 | ||
| 040 | |a SNK |b slo |c SNK |e AACR2 | ||
| 245 | 1 | |a Technické minimum pro pracovníky výkupních skladů | |
| 260 | |a Praha |b Státní zemědělské nakladatelství |c 1953 | ||
| 300 | |a 94 s. | ||
| 999 | |c 1061237 |d 1063167 | ||
| 952 | |t P60, <04>, [BOOK], {604} |a SNK |b SNK |y VYP |7 0 |p 17A0136056 |o snkID 9859 |0 0 |1 0 |4 0 |d 1998-04-22 |l 0 |r 2005-01-02 00:00:00 |w 2026-02-24 | ||


